Entry Corporate Name
Number of records used in: 1
001 - CONTROL NUMBER
003 - CONTROL NUMBER IDENTIFIER
005 - DATE AND TIME OF LATEST TRANSACTION
- control field:
20200104121602.0
008 - FIXED-LENGTH DATA ELEMENTS
- fixed length control field:
780727n| azannaabn |b ana
010 ## - LIBRARY OF CONGRESS CONTROL NUMBER
- LC control number:
n 78050731
- Canceled/invalid LC control number:
n 83213354
035 ## - SYSTEM CONTROL NUMBER
- System control number:
(OCoLC)oca00186573
040 ## - CATALOGING SOURCE
- Original cataloging agency:
DLC
- Language of cataloging:
eng
- Description conventions:
rda
- Transcribing agency:
DLC
- Modifying agency:
DLC
- Modifying agency:
OCoLC
- Modifying agency:
IEN
- Modifying agency:
WaU
- Modifying agency:
DLC
046 ## - SPECIAL CODED DATES
- Start period:
1973-12
- Source of date scheme:
edtf
110 2# - HEADING--CORPORATE NAME
- Corporate name or jurisdiction name as entry element:
United Nations University
368 ## - OTHER ATTRIBUTES OF PERSON OR CORPORATE BODY
- Type of corporate body:
Research university
370 ## - ASSOCIATED PLACE
- Place of residence/headquarters:
Tokyo (Japan)
- Source of term:
naf
410 2# - SEE FROM TRACING--CORPORATE NAME
- Corporate name or jurisdiction name as entry element:
国連大学
410 2# - SEE FROM TRACING--CORPORATE NAME
- Corporate name or jurisdiction name as entry element:
جامعة الأمم المتحدة
410 2# - SEE FROM TRACING--CORPORATE NAME
- Corporate name or jurisdiction name as entry element:
Jāmiʻat al-Umam al-Muttaḥidah
410 2# - SEE FROM TRACING--CORPORATE NAME
- Corporate name or jurisdiction name as entry element:
Kokuren Daigaku
410 2# - SEE FROM TRACING--CORPORATE NAME
- Corporate name or jurisdiction name as entry element:
Kokusai Rengō Daigaku
410 2# - SEE FROM TRACING--CORPORATE NAME
- Corporate name or jurisdiction name as entry element:
U.N.U.
410 2# - SEE FROM TRACING--CORPORATE NAME
- Corporate name or jurisdiction name as entry element:
U.N. University
410 2# - SEE FROM TRACING--CORPORATE NAME
- Corporate name or jurisdiction name as entry element:
UN University
410 2# - SEE FROM TRACING--CORPORATE NAME
- Corporate name or jurisdiction name as entry element:
United Nations.
- Subordinate unit:
University
410 2# - SEE FROM TRACING--CORPORATE NAME
- Corporate name or jurisdiction name as entry element:
Universidad de las Naciones Unidas
410 2# - SEE FROM TRACING--CORPORATE NAME
- Corporate name or jurisdiction name as entry element:
Université des Nations Unies
410 2# - SEE FROM TRACING--CORPORATE NAME
- Corporate name or jurisdiction name as entry element:
UNU
670 ## - SOURCE DATA FOUND
- Source citation:
Its Compendium du colloque parisien, 1977:
- Information found:
t.p. (Université des Nations Unies) p. 5 (U.N.U.)
670 ## - SOURCE DATA FOUND
- Source citation:
Yrbk. of the U.N., 1974,
- Information found:
p. 732 (United Nations University; provisional location near Tokyo; in 1974 office of U.N.U. establ. in N.Y. headquarters)
670 ## - SOURCE DATA FOUND
- Source citation:
Yrbk. of Internat. org., 1977: B2488
- Information found:
(United Nations University, U.N.U., Université des Nations Unies, est. 1973)
670 ## - SOURCE DATA FOUND
- Source citation:
Its data for Networks of knowledge [MP] 1979
- Information found:
(United Nations University; UNU)
670 ## - SOURCE DATA FOUND
- Source citation:
Sociedad y utopía, 1983:
- Information found:
verso t.p. (Universidad de las Naciones Unidas, UNU)
670 ## - SOURCE DATA FOUND
- Source citation:
Training needs in geothermal energy, c1979:
- Information found:
t.p. (United Nations University) p. 1 (UN University)
670 ## - SOURCE DATA FOUND
- Source citation:
Meiji Ishin. Japanese. Meiji Ishin, 1986:
- Information found:
pref. (Kokuren Daigaku)
670 ## - SOURCE DATA FOUND
- Source citation:
Ṣuwar al-mustaqbal al-ʻArabī, 1982 (x-ref.):
- Information found:
t.p. (Jāmiʻat al-Umam al-Muttaḥidah)
670 ## - SOURCE DATA FOUND
- Source citation:
United Nations University website, viewed July 2, 2013:
- Information found:
about (idea proposed by UN Sec.-Gen. U Thant in 1969; the UN General Assembly adopted the Charter of the United Nations University in Dec. 1973; academic work began at a temporary facility in Tokyo Sep. 1975, now has 15 institutes and programs in 193 countries; hdq. Tokyo)